| 000 | 00669nam a22001697a 4500 | ||
|---|---|---|---|
| 005 | 20090805094252.0 | ||
| 008 | 090805t xxu||||| |||| 00| 0 eng d | ||
| 080 |
_a639.2(548.3) _bSUJ |
||
| 100 |
_aSuja Ramakrishnan _91696 |
||
| 245 | _aSocio - economic issues and sustainable fishery management a case study of Kerala | ||
| 300 | _a206p. | ||
| 653 |
_aFisheries _aFishing _aGuide: Rajasenan, D. |
||
| 942 | _cTH | ||
| 260 |
_aKochi _bDept. of Applied Economics - CUSAT _c2003 _91608 |
||
| 500 | _aGuide: Rajasenan, D. Thesis (Ph.D), CUSAT, 2003 | ||
| 952 |
_w2009-08-05 _pG0008503 _r2009-08-05 _40 _00 _bUL _10 _o639.2(548.3) SUJ _d2009-08-05 _70 _2udc _yTH _aUL |
||
| 999 |
_c2171 _d2171 |
||